000 00234 a2200097 4500
001 30872
100 _aAli, Syed Amir
245 _aThe Life and Teachings of Muhammad
260 _aLondon
_bWilliam & Norgate
_c
090 _c20768
_d20768
942 _aNUST-CAE
_cM
_c11967
999 _c265945
_d265945